1745 1349 1286 1169 1941 1989 1712 1908 1841 1807 1089 1471 1294 1017 1563 1592 1020 1065 1941 1436 1509 1869 1357 1031 1186 1406 1956 1555 1931 1401 1074 1802 1934 1402 1103 1756 1262 1833 1400 1816 1703 1864 1098 1909 1991 1523 1302 1161 1193 1110 1401 1909 1490 1281 1606 1478 1319 1968 1760 1447 1185 1816 1295 1724 1540 1785 1700 1604 1436 1079 1984 1351 1899 1721 1194 1408 1137 1868 1201 1921 1425 1684 1400 1314 1173 1878 1951 1460 1548 1507 1348 1122 1139 1918 1582 1083 1545 1131 1054 BCNSPRNW ULIB Ver.6.0+V

เปลี่ยนเป็นภาษาไทย

Change to English
 แสดงรายละเอียดบรรณานุกรม
  กลับหน้าหลัก

Brief Record : Get Marc (ISO 2709) : E-mail record : QR code < ปิดหน้าต่าง
LEADER : 00000nam 2200000uu 4500
001    13399111600
003     ULIB
008    110627s||||||||th 000 0 tha d
020    9789748388977
090    นว.^bว633ย 2553
100 0  วินุตตา
245 00 ยอดปรารถนา/^cวินุตตา
250    พิมพ์ครั้งที่ 1
260    กรุงเทพฯ :^bอินเลิฟ,^c2553
300    323 หน้า
945    ^p199^l0^i028045
995    ทศพร
999 ^a ใช้งานได้ทุกระบบ
รายการนี้ยังไม่มีแท็ก
คุณยังไม่ได้ล็อกอิน คุณสามารถมีกิจกรรมร่วมกับเว็บไซต์ได้ แต่ต้องล็อกอินก่อน ::
  ล็อกอิน

รายการสื่อสารสนเทศ

ลำดับที่ ประเภท เลขเรียก/บาร์โค้ด สถานที่ สถานะ
- ไม่พบข้อมูล -

รายการใกล้เคียง
    ผู้แต่ง [วินุตตา]

BibComment


ยังไม่เคยถูกคอมเมนท์

คอมเมนท์ทรัพยากรรายการนี้
  คอมเมนท์: ยอดปรารถนา วินุตตา


 Copyright 2026. Bcnsprnw @Library